000 01168nam a2200301 a 4500
001 ebr10017978
003 CaPaEBR
006 m u
007 cr cn|||||||||
008 990823s2000 ctu sb 001 0 eng
010 _z 99046405
020 _z0275965155 (alk. paper)
020 _z0275965163 (pbk. : alk. paper)
040 _aCaPaEBR
_cCaPaEBR
035 _a(OCoLC)55002837
050 1 4 _aK5302
_b.P76 2000eb
082 0 4 _a341.7/78
_221
245 0 0 _aProtection against genocide
_h[electronic resource] :
_bmission impossible? /
_cedited by Neal Riemer.
260 _aWestport, Conn. :
_bPraeger,
_c2000.
300 _axii, 193 p.
504 _aIncludes bibliographical references (p. [171]-182) and index.
533 _aElectronic reproduction.
_bPalo Alto, Calif. :
_cebrary,
_d2013.
_nAvailable via World Wide Web.
_nAccess may be limited to ebrary affiliated libraries.
650 0 _aGenocide.
655 7 _aElectronic books.
_2local
700 1 _aRiemer, Neal,
_d1922-2001.
710 2 _aebrary, Inc.
856 4 0 _uhttp://site.ebrary.com/lib/rucke/Doc?id=10017978
_zAn electronic book accessible through the World Wide Web; click to view
999 _c29334
_d29334